000 00352nam a2200133Ia 4500
008 191201s2012 xx 000 0 und d
100 _aSANJAY, Saxena
245 0 _aA First Course In Computers: Based On Windows Xp & Office
250 _aRep
260 _aNew Delhi
_bVikas Publication House
_c2012
300 _a500
650 _aBBA
942 _2ddc
_cBK
999 _c5966
_d5966